Symbiosis, symbolism, and the power of the past : Canaan, ancient Israel, and their neighbors from the Late Bronze Age through Roman Palaestina : proceedings of the Centennial Symposium, W.F. Albright Institute of Archaeological Research and American Schools of Oriental Research, Jerusalem, May 29-31, 2000 /
محفوظ في:
مؤلفون مشاركون: , ,
مؤلفون آخرون: ,
التنسيق: وقائع المؤتمر كتاب
اللغة: English
منشور في:
Winona Lake, Ind. :
Eisenbrauns,
2003.
الموضوعات:
الوسوم: إضافة وسم
لا توجد وسوم, كن أول من يضع وسما على هذه التسجيلة!
رقم الطلب: DE59 .C46 2003
| LEADER | 01835namaa2200361 4500 | ||
|---|---|---|---|
| 001 | 12197 | ||
| 003 | OSt | ||
| 005 | 20240918105919.0 | ||
| 008 | 130303s2003 inua b 101 0 eng d | ||
| 952 | |0 0 |1 0 |2 lcc |4 0 |6 DE0059 C46 02003 |7 1 |9 11513 |a ARCE |b ARCE |d 2021-04-03 |l 0 |o DE59 .C46 2003 |p 1015174 |r 2021-04-03 00:00:00 |w 2021-04-03 |y BK | ||
| 999 | |c 10664 |d 10664 | ||
| 010 | |a 2003021117 | ||
| 020 | |a 1575060817 | ||
| 040 | |c ARCE Library | ||
| 043 | |a mm----- |a a-is--- | ||
| 050 | 4 | |a DE59 .C46 2003 | |
| 111 | 2 | |a Centennial Symposium, W.F. Albright Institute of Archaeological Research and American Schools of Oriental Research |d (2000 : |c Jerusalem) | |
| 245 | 1 | 0 | |a Symbiosis, symbolism, and the power of the past : |b Canaan, ancient Israel, and their neighbors from the Late Bronze Age through Roman Palaestina : proceedings of the Centennial Symposium, W.F. Albright Institute of Archaeological Research and American Schools of Oriental Research, Jerusalem, May 29-31, 2000 / |c edited by William G. Dever and Seymour Gitin. |
| 264 | 1 | |a Winona Lake, Ind. : |b Eisenbrauns, |c 2003. | |
| 300 | |a xvii, 596 pages : |b illustrations ; |c 27 cm. | ||
| 504 | |a Includes bibliographical references and indexes. | ||
| 505 | 0 | |a Historical and political landscape -- Religion and distinction -- The history of the family. | |
| 650 | 0 | |a Families |z Palestine |x History |v Congresses. | |
| 650 | 0 | |a Iron age |z Mediterranean Region |v Congresses. | |
| 650 | 0 | |a Iron age |z Palestine |v Congresses. | |
| 651 | 0 | |a Mediterranean Region |x Politics and government |v Congresses. | |
| 651 | 0 | |a Palestine |x Civilization |v Congresses. | |
| 700 | 1 | |a Dever, William G. | |
| 700 | 1 | |a Gitin, Seymour. |9 30818 | |
| 710 | 2 | |a American schools of oriental research. | |
| 710 | 2 | |a W.F. Albright Institute of Archaeological Research. |9 24220 | |
| 901 | |a reviewed | ||
| 942 | |c BK |2 lcc | ||
